[Event "Open A"]
[Site "Moscow RUS"]
[Date "2010.02.04"]
[Round "6"]
[White "Kurnosov,I"]
[Black "Matlakov,M"]
[Result "1-0"]
[WhiteElo "2668"]
[BlackElo "2587"]

1.e4 e5 2.Nf3 Nc6 3.Bb5 a6 4.Ba4 Nf6 5.O-O Be7 6.Re1 b5 7.Bb3 d6 8.c3 O-O
9.h3 Bb7 10.d4 Re8 11.Nbd2 Bf8 12.a4 h6 13.Bc2 exd4 14.cxd4 Nb4 15.Bb1 c5
16.d5 Nd7 17.Ra3 c4 18.Ree3 Ne5 19.b3 Nxf3+ 20.Rxf3 c3 21.Rxc3 Nxd5 22.exd5 b4
23.Qc2 g6 24.Rc7 Bxd5 25.Ra2 Re1+ 26.Kh2 Bg7 27.Nf3 Bxf3 28.gxf3 Qf6 29.Qc6 Rae8
30.Rc8 Rxc8 31.Qxc8+ Kh7 32.Kg2 Qc3 33.Rc2 Qxc8 34.Rxc8 Bc3 35.Rc7 Rxc1 36.Rxf7+ Bg7
37.Be4 Rc3 38.Rd7 d5 39.Rxd5 Rc6 40.h4 h5  1-0

[Event "26th Open"]
[Site "Cappelle la Grande FRA"]
[Date "2010.02.20"]
[Round "9"]
[White "Kryvoruchko,Y"]
[Black "Bhat,V"]
[Result "1-0"]
[WhiteElo "2598"]
[BlackElo "2540"]

1.e4 e5 2.Nf3 Nc6 3.Bb5 a6 4.Ba4 Nf6 5.O-O Be7 6.Re1 b5 7.Bb3 d6 8.c3 O-O
9.h3 Bb7 10.d4 Re8 11.Nbd2 Bf8 12.a3 h6 13.Bc2 Nb8 14.a4 Nbd7 15.Bd3 c6 16.b3 g6
17.Bb2 Bg7 18.Qc2 Nh5 19.g3 Qb6 20.Bf1 Nf8 21.b4 Ne6 22.Nb3 Rac8 23.Qd2 Nf6
24.axb5 axb5 25.dxe5 dxe5 26.Qe3 Nd7 27.Na5 Ba8 28.c4 Qxe3 29.Rxe3 bxc4 30.Nxc4 Rb8
31.Ra7 Nef8 32.Rd3 c5 33.Nd6 Bxe4 34.Nxe4 Rxb4 35.Nd6 Reb8 36.Bc3 e4 37.Bxb4 exd3
38.Bd2 Rb3 39.Nc4 Nf6 40.Ra3  1-0

[Event "48th XtraCon TCh-DEN 2009-10"]
[Site "Denmark DEN"]
[Date "2010.03.03"]
[Round "9"]
[White "Pilgaard,K"]
[Black "Nielsen,Fi"]
[Result "1-0"]
[WhiteElo "2435"]
[BlackElo "2028"]

1.e4 e5 2.Nf3 Nc6 3.Bb5 a6 4.Ba4 Nf6 5.O-O b5 6.Bb3 Be7 7.Re1 O-O 8.h3 d6
9.c3 Bb7 10.d4 exd4 11.cxd4 Na5 12.Bc2 c5 13.Nbd2 Nc6 14.Nf1 Re8 15.Ng3 g6
16.Bg5 Qc7 17.Rc1 Rad8 18.Bb1 Qb6 19.Be3 Bf8 20.b3 a5 21.Qd2 Nb8 22.Bg5 Be7
23.Qf4 Nbd7 24.Qh4 cxd4 25.Rcd1 Rc8 26.Nxd4 Bd8 27.Qh6 Be7 28.Qh4 Bd8 29.Nf3 Rc3
30.Qf4 d5 31.e5 Rxf3 32.gxf3 Qe6 33.Bxf6 Nxf6 34.exf6 Qxe1+ 35.Rxe1 Rxe1+
36.Kg2 Re8 37.Qb8 Bc6 38.Qd6 Ba8 39.Bd3 b4 40.Bb5 Rf8 41.h4 h5 42.Nxh5  1-0

[Event "11th EICC Women"]
[Site "Rijeka CRO"]
[Date "2010.03.09"]
[Round "4"]
[White "Melnikova,Y"]
[Black "Kovanova,B"]
[Result "1-0"]
[WhiteElo "2272"]
[BlackElo "2385"]

1.e4 e5 2.Nf3 Nc6 3.Bb5 a6 4.Ba4 Nf6 5.O-O Be7 6.Re1 b5 7.Bb3 d6 8.c3 O-O
9.h3 Bb7 10.d4 Nd7 11.Nbd2 exd4 12.cxd4 Bf6 13.Nf1 Na5 14.Bc2 Re8 15.N1h2 h5
16.Rb1 Nf8 17.b3 c5 18.d5 Bc8 19.Nd2 g6 20.f4 Bd7 21.Ndf3 Bg7 22.Kh1 Qc8
23.Nf1 Nb7 24.e5 Bf5 25.Bb2 Qd7 26.Ne3 Bxc2 27.Qxc2 Rac8 28.Rbd1 c4 29.b4 c3
30.Bxc3 Bh6 31.e6 fxe6 32.dxe6 Rxe6 33.Nd5 Bg7 34.Qb3 Rc4 35.Nb6 Rxc3 36.Nxd7 Rxb3
37.Rxe6 Rxb4 38.Nxf8 Bxf8 39.Rxg6+ Kf7 40.f5 Be7 41.g4 hxg4 42.hxg4 Nc5 43.Kg2 Ne4
44.Re1 Rb2+ 45.Kh3 d5 46.Ne5+ Ke8 47.Rg8+  1-0

[Event "11th EICC Women"]
[Site "Rijeka CRO"]
[Date "2010.03.14"]
[Round "8"]
[White "Nikolova,A"]
[Black "Makropoulou,M"]
[Result "0-1"]
[WhiteElo "2348"]
[BlackElo "2225"]

1.e4 e5 2.Nf3 Nc6 3.Bb5 a6 4.Ba4 Nf6 5.O-O Be7 6.Re1 b5 7.Bb3 d6 8.c3 O-O
9.h3 Bb7 10.d4 Re8 11.Bg5 h6 12.Bh4 Nd7 13.Bg3 Bf6 14.a4 Na5 15.Bc2 c5 16.axb5 axb5
17.Na3 cxd4 18.Nxb5 Qb6 19.cxd4 Nc4 20.Rxa8 Rxa8 21.dxe5 Ndxe5 22.Bxe5 Bxe5
23.Nxe5 dxe5 24.Nc3 Qxb2 25.Nd5 Bxd5 26.Qxd5 Ra1 27.Rxa1 Qxa1+ 28.Qd1 Qxd1+
29.Bxd1 Kf8 30.Bb3 Nd6 31.f3 g6 32.g4 Ke7 33.Kf2 Nb5 34.Ke3 Nd4 35.Ba4 g5
36.Kf2 Kd6 37.Ke3 Kc5 38.Be8 f6 39.Bf7 Kb4 40.Bd5 Kc3 41.Bf7 Kc2 42.Bg8 Kd1
43.Kd3 Ke1 44.Kc4 Kf2 45.Kd5 Kxf3 46.Kd6 Kxe4 47.Ke7 f5 48.Bh7 Kf4 49.gxf5 Nxf5+
50.Kf6 Ng3 51.Kg6 h5 52.Kh6 h4  0-1

[Event "Bunratty Masters"]
[Site "Bunratty IRL"]
[Date "2010.03.21"]
[Round "5"]
[White "Daly,J"]
[Black "Fox,An"]
[Result "1/2-1/2"]
[WhiteElo "1964"]
[BlackElo "2118"]

1.e4 e5 2.Nf3 Nc6 3.Bb5 a6 4.Ba4 Nf6 5.O-O Be7 6.Re1 b5 7.Bb3 d6 8.c3 O-O
9.h3 Bb7 10.d4 Re8 11.Bc2 h6 12.d5 Nb8 13.b4 c6 14.dxc6 Bxc6 15.Bb2 Nbd7
16.Nbd2 Nb6 17.Nb3 Nc4 18.Bc1 Nd7 19.Nfd2 Ndb6 20.Nxc4 Nxc4 21.Nd2 Nb6 22.Nb3 Qc7
23.Na5 Bd7 24.Qf3 Be6 25.Qg3 Bg5 26.Bxg5 hxg5 27.Re3 f6 28.Bd1 d5 29.h4 gxh4
30.Qxh4 d4 31.cxd4 exd4 32.Rg3 Rac8 33.Nb3 g5 34.Nxd4 Qe5  1/2-1/2

[Event "II Genset Cup"]
[Site "Szombathely HUN"]
[Date "2010.03.28"]
[Round "3"]
[White "Kiss,At"]
[Black "Nagy,Ga1"]
[Result "1/2-1/2"]
[WhiteElo "2342"]
[BlackElo "2278"]

1.e4 e5 2.Nf3 Nc6 3.Bb5 a6 4.Ba4 Nf6 5.O-O Be7 6.Re1 b5 7.Bb3 d6 8.h3 O-O
9.c3 Bb7 10.d4 Re8 11.Ng5 Rf8 12.Nf3 Re8 13.Nbd2 h6 14.a4 Bf8 15.Bc2 exd4
16.cxd4 Nb4 17.Bb1 c5 18.d5 Nd7 19.Ra3  1/2-1/2

[Event "11th TCh-RUS Women"]
[Site "Dagomys RUS"]
[Date "2010.04.03"]
[Round "3"]
[White "Bodnaruk,A"]
[Black "Kovanova,B"]
[Result "1-0"]
[WhiteElo "2384"]
[BlackElo "2385"]

1.e4 e5 2.Nf3 Nc6 3.Bb5 a6 4.Ba4 Nf6 5.O-O Be7 6.Re1 b5 7.Bb3 d6 8.c3 O-O
9.h3 Bb7 10.d4 Nd7 11.a3 exd4 12.cxd4 Na5 13.Ba2 c5 14.Nbd2 Nc6 15.Nf1 Bf6
16.Be3 Rc8 17.Ng3 g6 18.Rc1 c4 19.Nh2 Bg7 20.f4 Qh4 21.Ne2 Qe7 22.Nc3 Na5
23.Bf2 Nf6 24.Bh4 Qd7 25.d5 Qc7 26.Bxf6 Bxf6 27.Ng4 Bg7 28.f5 h5 29.Ne3 Qe7
30.Qf3 Rce8 31.Nf1 Qg5 32.Rcd1 Bc8 33.Bb1 Nb3 34.g4 Nd4 35.Qg2 hxg4 36.hxg4 gxf5
37.exf5 Qf4 38.Nh2 Bb7 39.Rf1 Qg5 40.f6 Bxf6 41.Qh3 Qg7 42.Rxf6 Ne2+ 43.Kh1 Nxc3
44.bxc3 Re2 45.g5 Rfe8 46.Ng4 R8e7 47.g6 Kf8 48.Kg1 Bc8 49.Rdf1 Re1 50.Bf5 Bxf5
51.Rxf5 Rxf1+ 52.Kxf1 Qxg6 53.Qh8+ Qg8 54.Qxg8+ Kxg8 55.Rf6 Re4 56.Nh6+ Kg7
57.Rxd6 f6 58.Nf5+ Kg6 59.Nd4 Re3 60.Rxa6 Rxc3 61.Nxb5 Rd3 62.d6 Kf7 63.Rc6 Rb3
64.Rc7+ Ke8 65.Nd4 Rb6 66.Re7+  1-0

[Event "3rd KL Open"]
[Site "Kuala Lumpur MAS"]
[Date "2010.04.10"]
[Round "6"]
[White "Farid,F"]
[Black "Liu Dede"]
[Result "0-1"]
[WhiteElo "2245"]
[BlackElo "2423"]

1.e4 e5 2.Nf3 Nc6 3.Bb5 a6 4.Ba4 Nf6 5.O-O Be7 6.Re1 b5 7.Bb3 d6 8.c3 O-O
9.h3 Bb7 10.d4 Re8 11.a4 Bf8 12.Bg5 h6 13.Bxf6 Qxf6 14.d5 Ne7 15.Na3 c6 16.dxc6 Bxc6
17.Nc2 a5 18.axb5 Bxb5 19.Ne3 Reb8 20.Ng4 Qg6 21.Re3 Be8 22.Nd2 a4 23.Ba2 h5
24.Nh2 Nc6 25.Rg3 Qh6 26.Nc4 Na5 27.Ne3 Rxb2 28.Nf5 Qf4 29.Qxh5 Rxa2 30.Rxa2 Qc1+
31.Nf1 g6 32.Qe2 Rb8 33.Rc2 Qa1 34.c4 Rb1 35.Ne3 Nb3 36.Nd5 Bh6 37.Nf6+ Kf8
38.Qd3 Rd1 39.Nxe8 Rxd3  0-1

[Event "XXVIII Open A"]
[Site "Metz FRA"]
[Date "2010.04.11"]
[Round "3"]
[White "Corrales Jimenez,F"]
[Black "Drenchev,P"]
[Result "0-1"]
[WhiteElo "2585"]
[BlackElo "2486"]

1.e4 e5 2.Nf3 Nc6 3.Bb5 a6 4.Ba4 Nf6 5.O-O Be7 6.Re1 b5 7.Bb3 O-O 8.c3 d6
9.h3 Bb7 10.d4 Re8 11.Nbd2 Bf8 12.a4 h6 13.Bc2 exd4 14.cxd4 Nb4 15.Bb1 c5
16.d5 Nd7 17.Ra3 c4 18.Nd4 Qf6 19.N2f3 Nd3 20.Bxd3 b4 21.Ra1 cxd3 22.Nb3 Qg6
23.Nh4 Qf6 24.Nf3 Qg6 25.Qxd3 Nf6 26.Nh4 Qh5 27.Nf3 Qg6 28.Nh4 Qh5 29.Nf5 Bxd5
30.g4 Qg6 31.f3 Bxb3 32.Qxb3 d5 33.e5 Nd7 34.f4 Nc5 35.Qxd5 Rad8 36.Qf3 f6
37.Kg2 Nd3 38.Rd1 fxe5 39.Qe4 Qf7 40.Rxd3 exf4 41.Qf3 Rxd3 42.Qxd3 Qb7+ 43.Kh2 Re1
44.Bxf4 Rxa1 45.Ne3 Qf3 46.Qc4+ Kh7 47.Ng2 Qb7 48.h4 b3 49.g5 Rd1 50.Qe6 Qd7
51.Qe4+ Kg8 52.gxh6 Rd3 53.hxg7 Qh3+ 54.Kg1 Bc5+ 55.Be3 Bxe3+  0-1

[Event "42nd TCh-ITA Masters"]
[Site "Arvier ITA"]
[Date "2010.04.29"]
[Round "2"]
[White "Shirov,A"]
[Black "Rusev,K"]
[Result "1-0"]
[WhiteElo "2737"]
[BlackElo "2543"]

1.e4 e5 2.Nf3 Nc6 3.Bb5 a6 4.Ba4 Nf6 5.O-O Be7 6.Re1 b5 7.Bb3 d6 8.c3 O-O
9.h3 Bb7 10.d4 Nd7 11.d5 Na5 12.Bc2 c6 13.dxc6 Bxc6 14.Nbd2 Nb6 15.Nf1 Re8
16.b3 Bf8 17.Ba3 Nb7 18.Qe2 Qc7 19.Rad1 g6 20.Ne3 Rad8 21.Ng4 Bg7 22.Bc1 f6
23.Bh6 Bxh6 24.Nxh6+ Kg7 25.Qe3 Rf8 26.Ng4 Kh8 27.Nh4 Nc8 28.g3 Qg7 29.f4 Ne7
30.fxe5 dxe5 31.Kh2 a5 32.Rf1 h5 33.Nf2 Kh7 34.Nf3 g5 35.Qb6 Rc8 36.Bd3 Nd6
37.Qxa5 g4 38.hxg4 hxg4 39.Nh4 Ng6 40.Rh1 Rh8 41.Kg1 Kg8 42.Qb4 Rxh4 43.Rxh4 Nxh4
44.Qxd6 Nf3+ 45.Kg2 Kf7 46.a4 bxa4 47.Bc4+ Kg6 48.Be6  1-0

[Event "ch-CZE"]
[Site "Ostrava CZE"]
[Date "2010.05.05"]
[Round "5"]
[White "Bures,J"]
[Black "Zilka,S"]
[Result "1/2-1/2"]
[WhiteElo "2327"]
[BlackElo "2509"]

1.e4 e5 2.Nf3 Nc6 3.Bb5 a6 4.Ba4 Nf6 5.O-O Be7 6.Re1 b5 7.Bb3 d6 8.c3 O-O
9.h3 Bb7 10.d4 Re8 11.a4 h6 12.Nbd2 Bf8 13.Bc2 exd4 14.Nxd4 Qd7 15.axb5 Nxd4
16.cxd4 axb5 17.Rxa8 Bxa8 18.Bd3 c5 19.d5 c4 20.Bc2 g6 21.b4 Bg7 22.Nb1 Bb7
23.Bb2 Ra8 24.Bd4 Ne8 25.Bxg7 Kxg7 26.Nc3 Nc7 27.Qd4+ f6 28.f4 Re8 29.e5 fxe5
30.fxe5 dxe5 31.Rxe5 Kh7 32.Rxe8 Nxe8 33.Qb6 Nd6 34.Ne4 Nxe4 35.Bxe4 Qg7
36.Bxg6+ Qxg6 37.Qxb7+ Qg7 38.Qxb5 Qd4+ 39.Kf1 Qf4+ 40.Ke2  1/2-1/2

[Event "ch-Commonwealth"]
[Site "Delhi IND"]
[Date "2010.05.12"]
[Round "5"]
[White "Ashwin,J"]
[Black "Matta,V"]
[Result "1-0"]
[WhiteElo "2457"]
[BlackElo "2256"]

1.e4 e5 2.Nf3 Nc6 3.Bb5 a6 4.Ba4 Nf6 5.O-O Be7 6.Re1 b5 7.Bb3 d6 8.c3 O-O
9.h3 Bb7 10.d4 Re8 11.Nbd2 Bf8 12.a3 g6 13.Ba2 Bg7 14.b4 d5 15.exd5 Nxd5
16.Qb3 exd4 17.Qxd5 Rxe1+ 18.Nxe1 Qe7 19.Ndf3 Rd8 20.Qb3 dxc3 21.Bg5 Bf6
22.Bxf6 Qxf6 23.Rd1 Rd6 24.Rd3 Rxd3 25.Nxd3 Ne7 26.Nfe5 Nd5 27.Qc2 Qg5 28.Bxd5 Bxd5
29.Ng4 Qd2 30.Qxd2 cxd2 31.Ne3 Bb3 32.Nb2 f5 33.f4 Kf7 34.Kf2 Ke6 35.Ke2 Kd6
36.Nd3  1-0

[Event "Mitropa Cup"]
[Site "Chur SUI"]
[Date "2010.05.29"]
[Round "1"]
[White "Borisek,J"]
[Black "Zilka,S"]
[Result "1/2-1/2"]
[WhiteElo "2561"]
[BlackElo "2509"]

1.e4 e5 2.Nf3 Nc6 3.Bb5 a6 4.Ba4 Nf6 5.O-O Be7 6.Re1 b5 7.Bb3 d6 8.c3 O-O
9.h3 Bb7 10.d4 Re8 11.Nbd2 Bf8 12.a3 Qd7 13.Bc2 g6 14.d5 Ne7 15.b3 Bg7 16.c4 c6
17.Bb2 cxd5 18.cxd5 Nh5 19.Nf1 Nf4 20.Ne3 Rf8 21.Kh2 f5 22.Ng1 Rac8 23.Bb1 fxe4
24.Bxe4 Nh5 25.Bf3 Nf6 26.Ra2 Bh6 27.Ng4 Nxg4+ 28.Bxg4 Nf5 29.Ne2 Qf7 30.Nc3 Bf4+
31.Kh1 h5 32.Bf3 Nd4 33.Be4 Bh6 34.Ba1 Rc7 35.Rf1 Rfc8 36.Qd3 Kh7  1/2-1/2

[Event "2nd SCS Open"]
[Site "Bhubaneswar IND"]
[Date "2010.05.30"]
[Round "11"]
[White "Debashis,D"]
[Black "Mohammad,J"]
[Result "1-0"]
[WhiteElo "2400"]
[BlackElo "2246"]

1.e4 e5 2.Nf3 Nc6 3.Bb5 a6 4.Ba4 Nf6 5.O-O Be7 6.Re1 b5 7.Bb3 d6 8.c3 O-O
9.h3 Bb7 10.d3 Na5 11.Bc2 c5 12.Nbd2 Nd7 13.Nf1 Qc7 14.Ne3 g6 15.b4 Nc6 16.Nd5 Qd8
17.Bb3 Nb6 18.Bh6 Re8 19.Nh2 Nxd5 20.Bxd5 Qd7 21.Qf3 Nd8 22.Ng4 Bxd5 23.Nf6+ Bxf6
24.Qxf6 Ne6 25.exd5 Qd8 26.Qxd8 Nxd8 27.bxc5 dxc5 28.a4 b4 29.d4 cxd4 30.cxd4 f6
31.a5 Nf7 32.Bd2 b3 33.Reb1 exd4 34.Rxb3 Red8 35.Rb7 Rxd5 36.Rc1 Rb5 37.Rd7 Rd8
38.Ra7 Rb2 39.Rcc7 Rf8 40.Bh6 d3 41.Rxf7  1-0

[Event "Mitropa Cup"]
[Site "Chur SUI"]
[Date "2010.05.30"]
[Round "2"]
[White "Bindrich,F"]
[Black "Zilka,S"]
[Result "1-0"]
[WhiteElo "2539"]
[BlackElo "2509"]

1.e4 e5 2.Nf3 Nc6 3.Bb5 a6 4.Ba4 Nf6 5.O-O Be7 6.Re1 b5 7.Bb3 d6 8.c3 O-O
9.h3 Bb7 10.d4 Re8 11.a4 h6 12.Nbd2 Bf8 13.d5 Ne7 14.Nh2 Ng6 15.Ndf1 Nd7
16.Bc2 c6 17.Ne3 Nf4 18.dxc6 Bxc6 19.Nd5 Bxd5 20.exd5 Nf6 21.Bxf4 exf4 22.Qd4 Rxe1+
23.Rxe1 bxa4 24.Bxa4 Rb8 25.b4 a5 26.Bc6 axb4 27.cxb4 g5 28.b5 Bg7 29.Qa7 Qb6
30.Qxb6 Rxb6 31.Nf3 Rb8 32.Nd2 Nxd5 33.Bxd5 Bc3 34.Rd1 Rxb5 35.Nc4 Bb4 36.Bf3 Bc5
37.Nxd6 Rb2 38.Ne4 Bb6 39.Rd7 Rb1+ 40.Kh2 Re1 41.Rd6 Ba7 42.Rxh6 f5 43.Nf6+  1-0

[Event "Mitropa Cup"]
[Site "Chur SUI"]
[Date "2010.06.02"]
[Round "5"]
[White "Baramidze,D"]
[Black "Petenyi,T"]
[Result "1-0"]
[WhiteElo "2534"]
[BlackElo "2381"]

1.e4 e5 2.Nf3 Nc6 3.Bb5 a6 4.Ba4 Nf6 5.O-O Be7 6.Re1 b5 7.Bb3 d6 8.c3 O-O
9.h3 Bb7 10.d3 Re8 11.Ng5 Rf8 12.Nf3 Re8 13.Ng5 Rf8 14.f4 exf4 15.Bxf4 Na5
16.Bc2 Nd5 17.Qh5 Nf6 18.Qd1 Nd5 19.Qh5 Nf6 20.Qe2 Nd5 21.exd5 Bxg5 22.Bd2 Bxd2
23.Qxd2 c5 24.c4 g6 25.Qf4 bxc4 26.dxc4 Qb6 27.b3 Qb4 28.Rf1 Rae8 29.a3 Qb6
30.Nd2 f5 31.Rae1 Rxe1 32.Rxe1 Bc8 33.Qh4 Qd8 34.Qxd8 Rxd8 35.Re7 Bd7 36.g4 fxg4
37.b4 cxb4 38.axb4 Nb7 39.Ne4 Kf8 40.Rxh7 Bf5 41.Rxb7 g3 42.Rh7 Re8 43.Rh8+  1-0

[Event "3rd Mayor's Cup"]
[Site "Mumbai IND"]
[Date "2010.06.05"]
[Round "5"]
[White "Fier,A"]
[Black "Arun,Ka"]
[Result "1-0"]
[WhiteElo "2581"]
[BlackElo "2320"]

1.e4 e5 2.Nf3 Nc6 3.Bb5 a6 4.Ba4 Nf6 5.O-O Be7 6.Re1 b5 7.Bb3 d6 8.c3 O-O
9.h3 Bb7 10.d4 h6 11.Nbd2 Re8 12.a4 Bf8 13.Bc2 g6 14.d5 Nb8 15.Bd3 bxa4 16.Rxa4 c6
17.c4 cxd5 18.cxd5 Nbd7 19.Ra3 Nc5 20.Bb1 a5 21.Nh2 Ba6 22.Ng4 a4 23.Bc2 Nfd7
24.Nb1 h5 25.Nh6+ Bxh6 26.Bxh6 Rb8 27.Bc1 Nb6 28.Rg3 Kh7 29.Ree3 Nc4 30.Ref3 Rf8
31.Rf5 Qh4 32.Bg5 Nxb2 33.Qf3  1-0

[Event "FSIMA June"]
[Site "Budapest HUN"]
[Date "2010.06.12"]
[Round "8"]
[White "Rooze,J"]
[Black "Kett,T"]
[Result "1-0"]
[WhiteElo "2338"]
[BlackElo "2223"]

1.e4 e5 2.Nf3 Nc6 3.Bb5 a6 4.Ba4 Nf6 5.O-O Be7 6.Re1 b5 7.Bb3 d6 8.c3 O-O
9.h3 Bb7 10.d4 Re8 11.Nbd2 Bf8 12.d5 Ne7 13.Nf1 Ng6 14.N3h2 c6 15.dxc6 Bxc6
16.Ng4 Nxg4 17.Qxg4 Qc8 18.Qf3 Qb7 19.Ng3 a5 20.a3 Rad8 21.Bg5 Rd7 22.Rad1 Kh8
23.h4 f6 24.h5 Ne7 25.h6 Ng8 26.hxg7+ Bxg7 27.Bc1 Red8 28.Be6 Re7 29.Bd5 Bxd5
30.Rxd5 Red7 31.Nf5 Ne7 32.Nxe7 Rxe7 33.Qd3 b4 34.Rxa5 bxc3 35.bxc3 Rc7 36.Rd5 Bf8
37.Qf3 Be7 38.Red1 Qb3 39.R5d3 Rdc8 40.Qg4 Rg8 41.Qf3 Rg6 42.g3 Qc2 43.Kg2 Bf8
44.Rh1 Kg8 45.Qd1 Qa2 46.Re1 Qc4 47.Qf3 Rb7 48.Rd2 Rb3 49.Rc2 Be7 50.Rd1 Kf7
51.Rd5 Rg8 52.Ra5 Rb7 53.Bh6 Rb1 54.Rc1 Rxc1 55.Bxc1 Qc7 56.Ra4 Kg7 57.Qg4+ Kh8
58.Qe6 Bd8 59.Ra8 Kg7 60.Be3 Qc6 61.Rxd8 Rxd8 62.Qe7+ Kg6 63.Qxd8 Qxe4+ 64.Kh2  1-0

[Event "14th FIDE Open"]
[Site "Voronezh RUS"]
[Date "2010.06.14"]
[Round "3"]
[White "Afanaskin,P"]
[Black "Popov,Andrey2"]
[Result "1/2-1/2"]
[WhiteElo "1924"]
[BlackElo "2061"]

1.e4 e5 2.Nf3 Nc6 3.Bb5 a6 4.Ba4 Nf6 5.O-O Be7 6.Re1 b5 7.Bb3 d6 8.h3 Bb7
9.c3 O-O 10.d4 Re8 11.Nbd2 Bf8 12.Ng5 Re7 13.Ndf3 h6 14.Nxf7 Rxf7 15.Bxf7+ Kxf7
16.Qb3+ Ke8 17.a4 Na5 18.Qc2 Qe7 19.axb5 axb5 20.Qd3 c6 21.Nh4 Qe6 22.d5 Qd7
23.f4 Qc7 24.Qg3 Nc4 25.Rxa8+ Bxa8 26.b3 Nb6 27.Ng6 Nbd7 28.Qd3 Nc5 29.Qc2 Qf7
30.fxe5 Qxg6 31.exf6 Qxf6 32.b4  1/2-1/2

[Event "4th Open"]
[Site "Varna BUL"]
[Date "2010.06.17"]
[Round "6"]
[White "Babazade,Jav"]
[Black "Arnaudov,G"]
[Result "0-1"]
[WhiteElo "2056"]
[BlackElo "2416"]

1.e4 e5 2.Nf3 Nc6 3.Bb5 a6 4.Ba4 Nf6 5.O-O Be7 6.Re1 b5 7.Bb3 O-O 8.c3 d6
9.h3 Bb7 10.d4 Nd7 11.Nbd2 exd4 12.cxd4 Bf6 13.Nf1 Re8 14.Bf4 Na5 15.Bc2 Nf8
16.Qd3 Ng6 17.Bd2 Nc4 18.Bc1 c5 19.a4 cxd4 20.Nxd4 Qb6 21.Nf5 d5 22.axb5 axb5
23.Rxa8 Bxa8 24.N1g3 Nxb2 25.Bxb2 Bxb2 26.Rb1 dxe4 27.Qb3 Be5 28.Qxb5 Qxb5
29.Rxb5 Bxg3 30.Nxg3 Nf8 31.Nf5 g6 32.Ne3 Re7 33.Rb8 Bc6 34.Rc8 Bb7 35.Rc4 f5
36.g3 Kg7 37.Bb3 Ne6 38.Rb4 Ng5 39.Kg2 Nf3 40.Bd1 Ne1+ 41.Kf1 Nd3 42.Rb6 Rc7
43.Bc2 Nc5 44.Kg2 Ba6 45.g4 f4 46.Nd5 Rd7 47.Nf6 Re7 48.Bxe4 Nxe4 49.Nxe4 Bb7
50.f3 Bxe4 51.fxe4 g5 52.Kf3 Re5 53.Rb7+ Kg6 54.Rb6+ Kg7 55.Rb7+ Kf6 56.h4 h6
57.hxg5+ hxg5 58.Rb6+ Ke7 59.Rb7+ Kd6 60.Rb6+ Kc5 61.Rf6 Kd4 62.Rd6+ Kc4
63.Rc6+ Rc5 64.Rf6 Kd4 65.Rd6+ Ke5 66.Rd3 Ra5 67.Rc3 Kd4 68.Rb3 Kc4 69.Rb8 Ra3+
70.Kf2 Kd4 71.Rb4+ Kc5 72.Rb8 Rd3 73.Rc8+ Kd4 74.Re8 Rc3 75.Re7 Rg3 76.e5 Rxg4
77.Re8 Rg3 78.e6 Ke5 79.Re7 Kf6 80.Re8 Re3 81.Rf8+ Kxe6 82.Kg2 Ra3 83.Kf2 Ke5
84.Kg2 Ke4 85.Rf7 Ra2+ 86.Kh3 Kf3 87.Rb7 g4+ 88.Kh4 g3 89.Rb3+ Kf2 90.Rb4 f3  0-1

[Event "5th Open"]
[Site "Wroclaw POL"]
[Date "2010.06.28"]
[Round "3"]
[White "Chrzaszcz,M"]
[Black "Sabuk,P"]
[Result "1-0"]
[WhiteElo "2032"]
[BlackElo "2193"]

1.e4 e5 2.Nf3 Nc6 3.Bb5 a6 4.Ba4 Nf6 5.O-O Be7 6.Re1 b5 7.Bb3 d6 8.c3 O-O
9.h3 Bb7 10.d4 Re8 11.Nbd2 Bf8 12.Bc2 g6 13.a4 exd4 14.cxd4 Nb4 15.Bb1 c5
16.Qb3 Bg7 17.dxc5 dxc5 18.axb5 axb5 19.Rxa8 Qxa8 20.Qe3 Qc8 21.Nb3 c4 22.Qc5 cxb3
23.Qxb4 Bxe4 24.Bxe4 Rxe4 25.Rxe4 Nxe4 26.Be3 Qc4 27.Qe7 h5 28.Qe8+ Kh7 29.Qxe4 Bxb2
30.Qxc4 bxc4 31.Nd2 Bf6 32.Nxc4 b2 33.Nd2 g5 34.Kf1 Kg6 35.Ke2 g4 36.hxg4 hxg4
37.Kd3 Kf5 38.Kc2 Bh4 39.Kxb2 Ke5 40.Nc4+ Ke4 41.Kc3 f5 42.Nd2+ Kd5 43.Kd3 f4
44.Bd4 Be7 45.Nc4 Bh4 46.Ba7 Bf6 47.Nd2 Bh4 48.Ne4 Ke5 49.Bb8+ Kf5 50.Bc7 Be7
51.Bd6 Bd8 52.Kd4 Bh4 53.Kd5 Bd8 54.Bc5 Ba5 55.Nd6+ Kg5 56.Ke4 Bc7 57.Nc4 f3
58.g3 Bb8 59.Ne5 Bc7 60.Be7+  1-0

[Event "5th Open"]
[Site "Wroclaw POL"]
[Date "2010.06.29"]
[Round "5"]
[White "Zysko,J"]
[Black "Warakomska,A"]
[Result "0-1"]
[WhiteElo "2203"]
[BlackElo "2192"]

1.e4 e5 2.Nf3 Nc6 3.Bb5 a6 4.Ba4 Nf6 5.O-O Be7 6.Re1 b5 7.Bb3 d6 8.c3 O-O
9.h3 Bb7 10.d4 Re8 11.Ng5 Rf8 12.Nf3 Re8 13.Nbd2 Bf8 14.d5 Nb8 15.Nf1 Nbd7
16.Ng3 g6 17.a4 Nc5 18.Bc2 c6 19.b4 Ncd7 20.dxc6 Bxc6 21.Bb3 Qc7 22.Qd3 Qb7
23.Bd2 Nb6 24.axb5 axb5 25.Rxa8 Qxa8 26.Bg5 Nfd7 27.Rd1 Rc8 28.Be3 Nc4 29.Bxc4 bxc4
30.Qxc4 Ba4 31.Qd3 Bxd1 32.Qxd1 Rxc3 33.Kh2 Qb7  0-1

[Event "ROC Nova College GpA"]
[Site "Haarlem NED"]
[Date "2010.07.02"]
[Round "1"]
[White "Vroombout,E"]
[Black "Kravtsiv,M"]
[Result "0-1"]
[WhiteElo "2170"]
[BlackElo "2559"]

1.e4 e5 2.Nf3 Nc6 3.Bb5 a6 4.Ba4 Nf6 5.O-O Be7 6.Re1 b5 7.Bb3 d6 8.c3 O-O
9.h3 Bb7 10.d4 Re8 11.Ng5 Rf8 12.Nf3 Nd7 13.Nbd2 Bf6 14.Nf1 Re8 15.d5 Ne7
16.a4 Nc5 17.Bc2 c6 18.b4 Nxa4 19.Bxa4 bxa4 20.c4 cxd5 21.cxd5 Bc8 22.Rxa4 Bd7
23.Ra3 Qb8 24.Bd2 Ng6 25.Qa1 Bb5 26.g3 Bd8 27.Ne3 Ne7 28.Qd1 Qc8 29.Kg2 Qd7
30.Nh4 Kh8 31.Qg4 Qxg4 32.hxg4 g6 33.g5 Rc8 34.f4 Ng8 35.Rc3 Rb8 36.Nc4 Bxc4
37.Rxc4 a5 38.Nf3 axb4 39.Rxb4 Ra8 40.Rb7 f6 41.Rh1 Re7 42.Rxe7 Bxe7 43.Rb1 fxg5
44.fxe5 g4 45.Nh2 Ra2 46.Nf1 dxe5 47.Kf2 Ra4 48.Bc3 Rxe4 49.Nd2 Bc5+ 50.Kf1 Re3
51.Rc1 Nf6 52.d6 Ba3 53.Rc2 Bxd6 54.Nc4 Nd5 55.Nxd6 Nxc3 56.Nf7+ Kg7 57.Nxe5 h5
58.Nc4 Rxg3  0-1

[Event "ch-IRL"]
[Site "Dublin IRL"]
[Date "2010.07.07"]
[Round "5"]
[White "Wallace,P"]
[Black "Fox,An"]
[Result "1-0"]
[WhiteElo "2242"]
[BlackElo "2129"]

1.e4 e5 2.Nf3 Nc6 3.Bb5 a6 4.Ba4 Nf6 5.O-O Be7 6.Re1 b5 7.Bb3 d6 8.c3 O-O
9.h3 Bb7 10.d4 Re8 11.Nbd2 Bf8 12.a4 h6 13.Bc2 exd4 14.cxd4 Nb4 15.Bb1 c5
16.d5 Nd7 17.Ra3 c4 18.Nd4 Qf6 19.N2f3 Nc5 20.axb5 axb5 21.Nxb5 Rxa3 22.Nxa3 Ncd3
23.Re3 Ba6 24.b3 Nxc1 25.Qxc1 Nd3 26.Bxd3 cxd3 27.Nc4 Ra8 28.Rxd3 Bxc4 29.Qxc4 Ra1+
30.Kh2 Ra2 31.Qd4 Qxd4 32.Nxd4 Rxf2 33.b4 Rb2 34.Rb3 Rxb3 35.Nxb3 Be7 36.Nd4 Bd8
37.Kg3 g6 38.Kf3 Kf8 39.Nc6 Bb6 40.Ke2 Ke8 41.Kd3 Kd7 42.Kc4 Kc7 43.Kb5 Kb7
44.Na5+ Kc7 45.Ka6 f6 46.Nc4 Bd4 47.b5 Bc5 48.b6+  1-0

[Event "Heart of Finland"]
[Site "Jyvaskyla FIN"]
[Date "2010.07.08"]
[Round "5"]
[White "Topi Hulmi,T"]
[Black "Sipila,V"]
[Result "1-0"]
[WhiteElo "2302"]
[BlackElo "2198"]

1.e4 e5 2.Nf3 Nc6 3.Bb5 a6 4.Ba4 Nf6 5.O-O b5 6.Bb3 Be7 7.Re1 O-O 8.h3 d6
9.c3 Bb7 10.d4 Re8 11.Nbd2 Bf8 12.Bc2 h6 13.d5 Nb8 14.b3 Nbd7 15.c4 c6 16.Nf1 Nh7
17.Ne3 Rb8 18.Nf5 Qf6 19.Bd2 Rec8 20.Nh2 Qd8 21.Ng4 Nhf6 22.Re3 Nxg4 23.Qxg4 Nf6
24.Qh4 Nd7 25.Qg4 g6 26.Rg3 Kh7 27.Qf3 Nf6 28.Ne3 Bg7 29.Ng4 Nh5 30.Nxh6 Nxg3
31.Nxf7 Qf6 32.Ng5+ Kg8 33.Qxg3 cxd5 34.exd5 bxc4 35.Ne4 Qf5 36.Bg5 Qf8 37.Bf6 Bxf6
38.Qxg6+ Qg7 39.Nxf6+ Kf8 40.Nh7+ Kg8 41.Nf6+ Kf8 42.Qxg7+ Kxg7 43.Nd7 Bxd5
44.Nxb8 Rxb8 45.Rd1 cxb3 46.axb3 Rb5 47.b4 Bc4 48.Rxd6 Rxb4 49.Bd3 Bb5 50.g4 e4
51.Bxb5 axb5 52.Kg2 Kf7 53.Rb6 Kg7 54.Kg3 Kf7 55.Kf4 Kg7 56.g5 Rb2 57.Ke3 b4
58.h4 Kf7 59.h5 b3 60.h6 Ra2 61.g6+ Ke7 62.h7 b2 63.h8=Q b1=Q 64.Rxb1 Ke6
65.Qg8+ Kf5 66.Qxa2 Kg4 67.g7 Kf5 68.Qf7+ Ke5 69.g8=Q Kd6 70.Qd8+ Ke5 71.Rb5+  1-0

[Event "Lake Sevan GM"]
[Site "Martuni ARM"]
[Date "2010.07.12"]
[Round "2"]
[White "Hovhannisyan,R"]
[Black "Grigoryan,Av"]
[Result "1/2-1/2"]
[WhiteElo "2529"]
[BlackElo "2584"]

1.e4 e5 2.Nf3 Nc6 3.Bb5 a6 4.Ba4 Nf6 5.O-O Be7 6.Re1 b5 7.Bb3 d6 8.c3 O-O
9.h3 Bb7 10.d4 Re8 11.Ng5 Rf8 12.Nf3 Re8 13.Nbd2 Bf8 14.Ng5 Re7 15.d5 Na5
16.Bc2 c6 17.b4 Nc4 18.Nxc4 bxc4 19.dxc6 Bxc6 20.Nf3 h6 21.a4 Qc7 22.Ba3 Bb7
23.Qe2 Re6 24.Nd2 Rc8 25.b5 axb5 26.axb5 g6 27.Qe3 Kg7 28.b6 Qc6 29.Reb1 Ra8
30.Bb4 Ree8 31.Ra7 Rxa7 32.bxa7 Qa6 33.Ba3 Ra8 34.Nxc4 Qxc4 35.Rxb7 Qa6 36.Rb8 Qxa7
37.Rxa8 Qxa8 38.Bb4 Qa1+ 39.Kh2 Be7 40.Qd2 Qa2 41.Qd1 h5 42.Kg1 h4 43.Bb3 Qb2
44.Bd5 Nxd5 45.exd5 Kf6 46.c4  1/2-1/2

[Event "ZDMI Open"]
[Site "Dresden GER"]
[Date "2010.07.13"]
[Round "4"]
[White "Luther,T"]
[Black "Rothe,G"]
[Result "1-0"]
[WhiteElo "2544"]
[BlackElo "2159"]

1.e4 e5 2.Nf3 Nc6 3.Bb5 a6 4.Ba4 Nf6 5.O-O Be7 6.Re1 b5 7.Bb3 d6 8.c3 O-O
9.h3 Bb7 10.d4 Re8 11.Nbd2 Bf8 12.a3 g6 13.Ba2 Bg7 14.d5 Nb8 15.Nf1 Nbd7
16.Ng3 Nb6 17.Be3 c6 18.dxc6 Bxc6 19.Bxb6 Qxb6 20.Qxd6 Rad8 21.Qb4 Qb7 22.Rad1 Rxd1
23.Rxd1 Bf8 24.Qb3 h6 25.Re1 Bc5 26.Qc2 a5 27.b4 axb4 28.axb4 Bf8 29.Nd2 h5
30.Nb3 h4 31.Na5 Qc7 32.Nf1 Ba8 33.Nd2 Rc8 34.Qb3 Bh6 35.Nf3 Bf4 36.c4 bxc4
37.Nxc4 Bxe4 38.b5 Bd5 39.b6 Qb7 40.Qb4 Rc6 41.Na5 Rxb6 42.Qc5 Qb8 43.Bxd5 Rb5
44.Bxf7+ Kxf7 45.Qc4+ Kg7 46.Nc6 Qb6 47.Ncxe5 Nd5 48.Nd7 Qb7 49.Qd4+ Kh7
50.Nf8+  1-0